| 000 | 00438nam a2200145Ia 4500 | ||
|---|---|---|---|
| 008 | 190926s9999||||xx |||||||||||||| ||und|| | ||
| 020 | _a8170811864 | ||
| 082 |
_a242 _bNEE/S |
||
| 100 | _aNeelKantha | ||
| 245 | 0 | _aSriman Maha Bharatam: Part: 4th; 7-Drona Parva 8-Karna Parva | |
| 250 | _a1 | ||
| 260 |
_aDelhi _bNag Publishers _c1988 |
||
| 300 | _a589 | ||
| 942 | _cBK | ||
| 999 |
_c8247 _d8247 |
||